000 00404pab a2200169 454500
008 180718b2010 xxu||||| |||| 00| 0 eng d
100 _aGupta, Rohit
245 _aElections in India: Time for second ballot revolution
260 _c2010
300 _ap.14-19.
362 _aJan-Jun
650 _aElections - India
650 _aElections
773 _aPrashasnika
908 _aN
909 _a90273
999 _c90273
_d90273